000 00446nam a22001577a 4500
001 16581058
005 20161228043538.0
008 101216s2012 nyua b 001 0 eng
010 _a 2010048332
020 _a9780073380667 (alk. paper)
041 _aeng
080 _28ed
_a621.3
245 1 0 _aEngineering electromagnetics /
_cWilliam H. Hayt, Jr., John A. Buck.
504 _aIncludes bibliographical references and index.
942 _2udc
_cBK
999 _c2508
_d2508